Responses for show #6956 - Monday, December 8, 2014

Contestants

Patrick Fernandez, a risk analytics manager from Irvine, California

Amanda Miller, a retail assistant manager originally from Gouverneur, New York

Ann Conger, a healthcare analyst from New Orleans, Louisiana (whose 1-day cash winnings total $13,999)

Jeopardy! Round responses

SHAKESPEAREAN WHO SAID IT?
(Alex: Identify the character.)
ANAGRAMS OF EACH OTHER
THE NICK OF TIME
STATES BY COUNTIES
"DANCE" MUSIC
POST OFFICE
(Sarah: Clues from one of the biggest and busiest United States postal service facilities in Chicago.)
    $200 4
Hamlet

Amanda
    $200 29
[The end of round signal sounds.]

wolf & fowl

Patrick =)
    $200 28
Nicholas II

Patrick =)
    $200 9
(Patrick: What is Massachusetts?)

Maryland

AnnPatrick =)
    $200 8
Let's Dance

Amanda
    $400 10
Puck

Triple Stumper
    $400 17
bowl & blow

Triple Stumper
    $400 21
The Great Gatsby

Patrick =)
    $400 11
Pennsylvania

Amanda
    $400 1
save the last dance for me

Ann
    $400 6
inflation

Ann
    $600 24
(Alex: You got it with a minute left.)

Lady MacBeth

Patrick =)
    $600 18
Zeus & Suez

Patrick =)
    $600 22
Nicolas Sarkozy

Ann
    $600 12
(Patrick: What is North Carolina?)

South Carolina

AnnPatrick =)
    $600 2
moondance

Ann
    $600 7
natural gas

Ann
    $1,200 25
(Patrick: Who is Kate or Katherine?)

Cordelia

Patrick =)
    $800 19
trailer & retrial

Ann
    $800 23
(Ann: Who are Nick and Nora?)
(Alex: No. Patrick?)
(Patrick: Who are [*]?)
(Alex: [*], yes. You gave us the information. Good.)
[Before Double Jeopardy!, Ann was credited with a correct response because the clue "could have been interpreted as referring to Nora Charles and her husband, Nick."]

Nick & Nora Charles

AnnPatrick =)
    $800 13
Oklahoma

Triple Stumper
    $800 3
"The Safety Dance"

Patrick =)
    $800 16
commemorative

Patrick =)
    $1000 26
Prospero

Amanda
    $1000 20
greed & edger

Triple Stumper
    $1000 27
Fever Pitch

Ann
    $1000 15
Mississippi

Ann
    $1000 5
now that I can dance

Ann
    $1000 14
culling

Ann

Scores at the first commercial break (after clue 15):

Ann Amanda Patrick =)
$5,800 $800 $0

Scores at the end of the Jeopardy! Round:

Ann Amanda Patrick =)
$9,000 $1,800 $2,400

Double Jeopardy! Round responses

TOOTHPASTE
CREST
CLOSE-UP
"AIM"
REMBRANDT
AQUA, FRESH
    $400 1
(Amanda: What are colors?)

tubes

AnnAmanda
    $400 16
George Washington

Ann
    $400 12
Michael Strahan

Ann
    $400 4
a disclaimer

Patrick =)
    $400 7
the Netherlands

Patrick =)
    $400 21
the Nile

Patrick =)
    $800 2
fluoride

Patrick =)
    $800 17
Richard ("the lion-hearted king")

Triple Stumper
    $800 13
Vladimir Putin

Ann
    $800 5
acclaim

Patrick =)
    $800 8
an autopsy

Ann
    $800 22
(Ann: What is an aquifer?)
(Patrick: What's a stream?)
(Alex: Stream? Be more specific.)
(Patrick: Aqua stream?
(Alex: No.)
...
(Alex: Minute to go now.)

a spring

AnnPatrick =)
Triple Stumper
    $1200 3
the American Dental Association

Patrick =)
    $1200 18
a legion

Patrick =)
    $1200 14
(Ann: What is a Neanderthal?)

the Cro-Magnon man

Ann
Triple Stumper
    $1200 6
Aunty Maim

Triple Stumper
    $1200 9
(Amanda: Who is Socrates?)

Homer

AmandaPatrick =)
    $1,000 23
Superior

Patrick =)
    $1600 25
baking soda

Amanda
    $1600 19
the Order of the Garter

Amanda
    $1600 15
(Patrick: Who is Louis Armstrong?)
...
(Alex: Boy, his cheeks used to swell up something wild.)

Dizzy Gillespie

Patrick =)
Triple Stumper
    $1,600 10
(Patrick: [Sighs] Not coming.)
(Alex: No?)

etchings

Patrick =)
    $1600 24
buoyancy

Ann
    $2000 26
sensitivity

Ann
    $2000 20
a hoplite

Triple Stumper
    $2000 27
[The end-of-round signal sounds.]

Christy Brown

Triple Stumper
    $2000 11
Saskia

Patrick =)

Scores at the end of the Double Jeopardy! Round:

Ann Amanda Patrick =)
$13,400 $3,400 $7,800

[wagering suggestions for these scores]

Final Jeopardy! Round responses

MOVIE TITLE REFERENCES
(Alex: Because Red River was the film that was showing onscreen at the Royal Theater.)
AmandaWhat is Red Dawn?
$3,300
Patrick =)What is Rio Grande?
$5,601
AnnWhat is the?
$5,600
The Last Picture Show

Final scores:

Ann Amanda Patrick =)
$7,800 $100 $2,199
2-day champion: $21,799 3rd place: $1,000 2nd place: $2,000

Game dynamics:

Coryat scores:

Ann Amanda Patrick =)
$13,400 $3,400 $10,800
20 R,
2 W
6 R,
2 W
18 R
(including 1 DD),
6 W
(including 2 DDs)

Combined Coryat: $27,600

The J! Archive is created by fans, for fans. The Jeopardy! game show and all elements thereof, including but not limited to copyright and trademark thereto, are the property of Jeopardy Productions, Inc. and are protected under law. This website is not affiliated with, sponsored by, or operated by Jeopardy Productions, Inc. Join the discussion at JBoard.tv.